• 首页
  • 本馆介绍
  • 公告通知
  • 最新文献
  • 馆藏检索
  • 电子资源
  • 读者导购
  • 参考咨询
  • 我的图书馆
  • 登录
  • 详细信息显示
  • 放入我的书架
  • 预约/预借图书
  • 作者相关作品
  • 分类相关作品
  • 丛书相关作品
  • 出版社相关作品

书目信息

  • 表格格式
  • 工作单格式
  • 卡片格式
题名:
冷战与“民族国家建构”
    
 
作者: 梁志 著
分册:  
出版信息: 北京   社会科学文献出版社  2011.04
页数: 579页
开本: 21cm
丛书名: 东方历史学术文库
单 册:
中图分类: D871.29 , D831.269
科图分类:
主题词: 国际关系史--美国--韩国 , 国际关系史
电子资源:
ISBN: 978-7-5097-1801-8
000 01385oam2 2200313 450
001 010010078804
005 20120618153618.23
010    @a978-7-5097-1801-8@dCNY69.00
100    @a20110602d2011 em y0chiy50 ea
101 0  @achi
102    @aCN@b110000
105    @ay z 000yy
106    @ar
200 1  @a冷战与“民族国家建构”@9leng zhan yu“min zu guo jia jian gou”@e韩国政治经济发展中的美国因素@e1945-1987@dThe cold war and "nation building"@eU. S. role in the process of political and economic development of the ROK@f梁志著@zeng
210    @a北京@c社会科学文献出版社@d2011.04
215    @a579页@d21cm
225 2  @a东方历史学术文库
300    @a本书出版得到东方历史研究出版基金资助
330    @a本书主要内容包括:美国在第三世界的冷战战略:政治与经济;反共与救济:朝鲜半岛分裂过程中的美国(1945-1948);从有限遏制到全面遏制:美国在朝鲜半岛的战略抉择(1948-1953)等。
461  0 @12001 @a东方历史学术文库
510 1  @aCold war and "nation building"@eU. S. role in the process of political and economic development of the ROK@zeng
517 1  @a韩国政治经济发展中的美国因素@9han guo zheng zhi jing ji fa zhan zhong de mei guo yin su
606 0  @a国际关系史@y美国@y韩国
606 0  @a国际关系史
690    @aD871.29@v4
690    @aD831.269@v4
701  0 @a梁志@9liang zhi@f(1975-)@4著
801  0 @aCN@bRENTIAN@c20110602
905    @b540099-103@dD871.29@e61@f5
    
    冷战与“民族国家建构”:韩国政治经济发展中的美国因素:1945-1987=The cold war and "nation building":U. S. role in the process of political and economic development of the ROK/梁志著.-北京:社会科学文献出版社,2011.04
    579页;21cm.-(东方历史学术文库)
    本书出版得到东方历史研究出版基金资助
    
    ISBN 978-7-5097-1801-8:CNY69.00
    本书主要内容包括:美国在第三世界的冷战战略:政治与经济;反共与救济:朝鲜半岛分裂过程中的美国(1945-1948);从有限遏制到全面遏制:美国在朝鲜半岛的战略抉择(1948-1953)等。
●
相关链接 在E读中查询图书 在五车中查询图书 在当当中查询图书 在豆瓣中查询图书


正题名:冷战与"民族国家建构"     索取号:D871.29/61         预约/预借

序号 登录号 条形码 馆藏地/架位号 状态 备注
1 540099   205400993   第一样本阅览室/ [索取号:D871.29/61] 在馆    
2 540100   205401000   第一借阅区/ [索取号:D871.29/61] 在馆    
3 540101   205401019   第一借阅区/ [索取号:D871.29/61] 在馆    
4 540102   205401028   第一借阅区/ [索取号:D871.29/61] 在馆    
5 540103   205401037   第一借阅区/ [索取号:D871.29/61] 在馆    
唐山师范学院图书馆 欢迎您!
大连网信软件有限公司© 版权所有